Biblioteca

Acts amid precepts : (Registro nro. 45690)

Detalles MARC
000 -LÍDER
Campo fijo de descripción fija 01418aam a2200349 i 4500
001 - NÚMERO DE CONTROL
Campo de control 768714001
003 - IDENTIFICADOR DEL NÚMERO DE CONTROL
Campo de control CO-MdFUSB
005 - FECHA Y HORA DE LA ULTIMA TRANSACCIÓN
control field 20230331062543.0
008 - ELEMENTOS DE LONGITUD FIJA -- INFORMACIÓN GENERAL
Campo fijo de descripción fija -- Información general 191022t2001 -us |||| |||| 00| 0 eng d
020 ## - NÚMERO INTERNACIONAL NORMALIZADO PARA LIBROS
Número Internacional Normalizado del libro 0567088154
040 ## - FUENTE DE CATALOGACIÓN
Idioma de catalogación spa.
Agencia de catalogación original CO-MdFUSB
Agencia que realiza la transcripción CO-MdFUSB
Agencia que realiza la modificación CO-MdFUSBC
Convenciones de la descripción rda
041 ## - CÓDIGO DE IDIOMA
Código de idioma para texto/pista de sonido o título separado eng
082 ## - NÚMERO DE CLASIFICACIÓN DECIMAL DEWEY
Número de la edición del Dewey 23
Número de clasificación 171.2092
Clave de autor-Numero de item F585a
100 1# - ASIENTO PRINCIPAL--NOMBRE PERSONAL
Nombre personal Flannery, Kevin L.
Término relacionador autor
245 10 - TÍTULO
Título del Material Acts amid precepts :
Parte restante del título - Subtitulo the Aristotelian logical structure of Thomas Aquinas's moral theory
Mención de responsabilidad, etc. / Kevin L. Flannery
264 #1 - PRODUCCIÓN, PUBLICACIÓN, DISTRIBUCIÓN, MANUFACTURA, Y COPYRIGHT
Lugar de producción, publicación, distribución, manufactura Estados Unidos :
Nombre del productor, publicador, distribuidor T y T CLARK,
Fecha de producción, publicación, distribución, manufactura, o copyright [2001]
264 #1 - PRODUCCIÓN, PUBLICACIÓN, DISTRIBUCIÓN, MANUFACTURA, Y COPYRIGHT
Fecha de producción, publicación, distribución, manufactura, o copyright © 2001
300 ## - DESCRIPCIÓN FÍSICA
Extensión xxiv, 327 páginas
Dimensiones ; 24 cm
336 ## - TIPO DE CONTENIDO
Término de tipo de contenido texto
Código de tipo de contenido txt
Fuente rdacontent
337 ## - TIPO DE MEDIO
Fuente rdamedia
Nombre del tipo de medio sin mediación
Código del tipo de medio n
338 ## - TIPO DE SOPORTE
Fuente rdacarrier
Nombre del tipo de soporte volumen
Código Tipo de soporte nc
500 ## - NOTA GENERAL
Nota General Incluye índices (p. 317-327)
505 0# - NOTA DE CONTENIDO
Nota de contenido con formato preestablecido Hechos en medio de preceptos. -- Los preceptos de la ley natural. -- La derivación de principios inferiores de principios superiores. -- Conmensurabilidad y inconmensurabilidad. -- Voluntas aristotélica y tomista. -- La razón práctica y actos concretos. -- El principio del doble efecto y caminos fijos.
563 ## - NOTA DE ENCUADERNACIÓN
Nota de encuadernación Rústico
600 00 - ASIENTO SECUNDARIO DE MATERIA - NOMBRE PERSONAL
Nombre personal Aristóteles
600 00 - ASIENTO SECUNDARIO DE MATERIA - NOMBRE PERSONAL
Nombre personal Tomás,
Títulos y otros términos asociados al nombre de Aquino,
-- Santo,
Fechas asociadas con el nombre 1225?-1274
650 #7 - ASIENTO SECUNDARIO DE MATERIA - TERMINO TEMÁTICO
Término temático o nombre geográfico como elemento de entrada Ética social.
Fuente del encabezamiento o término
9 (RLIN) 186
650 #7 - ASIENTO SECUNDARIO DE MATERIA - TERMINO TEMÁTICO
Término temático o nombre geográfico como elemento de entrada Ética cristiana
Término temático que sigue al nombre geográfico como elemento de entrada autores católicos.
Fuente del encabezamiento o término
9 (RLIN) 185
650 #7 - ASIENTO SECUNDARIO DE MATERIA - TERMINO TEMÁTICO
Término temático o nombre geográfico como elemento de entrada Ética cristiana
Subdivisión cronológica Edad Media
Fuente del encabezamiento o término
9 (RLIN) 185
942 ## - TIPO DE MATERIAL (KOHA)
Tipo de Item KOHA Libros General
945 ## - INFORMACIÓN LOCAL DEL REGISTRO
Catalogador JTF-925
Existencias
Estado de Material Estado de Perdido Forma de Clasificación Estado de Dañado No para Préstamo Colección Tomo Biblioteca de Origen Biblioteca Permanente Fecha de Adquisición Área Total de Préstamos Signatura Topográfica Código de Barras Última vez visto Ejemplar/Existencia Fecha de Remplazo Tipo de Material
    Dewey Decimal Classification     Colección General   Biblioteca FUSBC Biblioteca FUSBC 27/03/2015 FILOSOFIA   G 171.2092 F585a 14215 12/12/2019 Ej. 1 26/01/2016 Libros General

Biblioteca FUSBC | Teléfono: (57+4) 349 88 10 Ext. 141| WhatsApp (+57) 3005338115 
E-mail: biblioteca@unisbc.edu.co | Calle 76 87-14 Robledo Palenque, Medellín, Colombia

Con tecnología Koha